000
00196nam a2200109Ia 4500
100
_a
HOFFMAN/ALICE
942
_c
BK
245
_a
TURTLE MOON
260
_b
#N/A
546
_a
ENGLISH
999
_c
24978
_d
24978